Normal view
MARC view
- إعداد المعهد القضائي الأردني؛ إشراف وترجمة عصام حداد
Entry Personal Name
001 - CONTROL NUMBER
- control field: 46090
003 - CONTROL NUMBER IDENTIFIER
- control field: JO-AjAnu
005 - DATE AND TIME OF LATEST TRANSACTION
- control field: 20230606081623.0
008 - FIXED-LENGTH DATA ELEMENTS
- fixed length control field: 230606|| aca||aabn | a|a d
040 ## - CATALOGING SOURCE
- Original cataloging agency: JO-AjAnu
- Transcribing agency: JO-AjAnu
100 ## - HEADING--PERSONAL NAME
- Personal name: إعداد المعهد القضائي الأردني؛ إشراف وترجمة عصام حداد
670 ## - SOURCE DATA FOUND
- Source citation: Work cat.: (JO-AjAnu)23594: إعداد المعهد القضائي الأردني؛ إشراف وترجمة عصام حداد, author, ندوة بدائل عقوبة السجن: عمان 3-4 تشرين الثاني 2010: المعهد القضائي الأردني بالتعاون مع المدرسة الوطنية للقضاء في فرنسا والسفارة الفرنسية في الأردن